Which Hunger Games Character is being descibed? Quiz Stats

 Plays Quiz not verified by Sporcle

Challenge
Share
Tweet
Embed
Score 0/10 Timer 02:00
0 Plays Today
Description Character % Correct
'Her outrageous wigs'Effie
83.3%
'He stumbles off stage'Haymitch
81.8%
'A monstrous boy lunges forward to volunteer'Cato
75.8%
'I've seen her throw in training she never misses'Clove
72.7%
'Wearing only gold eyeliner 'Cinna
72.7%
'She pretended to be a weakling'Johanna
71.2%
'She ripped out a tributes throat out with her teeth'Enobaria
66.7%
'He yelled. I let him. At least here there's no-one to hear us'Gale
65.2%
'Tossing her blond curls over her shoulder'Cashmere
51.5%
'With fur the colour of rotting squash'Buttercup
50%

You're not logged in!

Compare scores with friends on all Sporcle quizzes.
OR
Log In

You Might Also Like...

Show Comments

Extras

Created Mar 28, 2015ReportNominate
Tags:character, description, hunger

Top Quizzes Today


Score Distribution

Your Account Isn't Verified!

In order to create a playlist on Sporcle, you need to verify the email address you used during registration. Go to your Sporcle Settings to finish the process.

Report this User

Report this user for behavior that violates our Community Guidelines.

Details: